000 00958nam a22003017a 4500
001 9687
003 FISKH
005 20260129144223.0
008 260129b cb ||||| |||| 00| 0 eng d
020 _a9781416984467
040 _aFISKH
_beng
_cFISKH
_dFISKH
050 _aPZ7 .W6845 .B
082 _a463
100 _aWillson , Sarah
245 _aBehold, no cavities ! :
_bA visit to the dentist /
_cby Sarah Willson : illustrated by Harry Moore
260 _aNew York :
_bSimon Spotlight ,
_c2007 .
300 _a22 unnumbered pages :
_bcolor illustrations ;
_c20 cm .
490 _a SpongeBob SquarePants
505 _aK
520 _aSpongeBob and Patrick visits the dentist.
521 8 _a510
_bLexile estimate
521 8 _aK
_bRaz-Plus
650 _aPersonal hygiene
_vChildren's Book
650 _aConquering fears
_vChildren's Book
700 _aMoore , Harry
_eIllustrator
942 _2ddc
_cBK
_n0
999 _c9687
_d9687